| Tag |
First Indicator |
Second Indicator |
Subfields |
| LEADER |
00000cam a2200000Ia 4500 |
| 001 |
in00001712821 |
| 005 |
20211202194937.0 |
| 008 |
960614s1996 dcu s f000 0 eng d |
| 035 |
|
|
|a (OCoLC)ocm34931491
|
| 037 |
|
|
|a NCJ-160088
|
| 040 |
|
|
|a WOY
|c WOY
|d CUY
|d GPO
|d OCL
|d GPO
|d MvI
|d UtOrBLW
|
| 043 |
|
|
|a n-us---
|
| 049 |
|
|
|a WWW
|
| 074 |
|
|
|a 0717-R-01 (online)
|
| 086 |
0 |
|
|a J 29.2:C 26/982-93
|
| 090 |
|
|
|a KF183
|b .F428 1996
|
| 245 |
0 |
0 |
|a Federal criminal case processing, 1982-93 with preliminary data for 1994.
|
| 264 |
|
1 |
|a Washington, D.C. :
|b U.S. Dept. of Justice, Office of Justice Programs, Bureau of Justice Statistics,
|c [1996]
|
| 300 |
|
|
|a iii, 28 pages ;
|c 28 cm.
|
| 336 |
|
|
|a text
|b txt
|2 rdacontent
|
| 337 |
|
|
|a unmediated
|b n
|2 rdamedia
|
| 338 |
|
|
|a volume
|b nc
|2 rdacarrier
|
| 500 |
|
|
|a "A federal justice statistics report: prosecution, adjudication, sentencing"--Cover.
|
| 500 |
|
|
|a "May 1996."
|
| 500 |
|
|
|a "NCJ-160088."
|
| 530 |
|
|
|a Available via Internet from the BJS web site. Address as of 11/1/2002: http://www.ojp.usdoj.gov/bjs/pub/pdf/fccp93.pdf; current access via PURL
|
| 650 |
|
0 |
|a Criminal statistics
|z United States.
|
| 650 |
|
0 |
|a Sentences (Criminal procedure)
|z United States
|v Statistics.
|
| 710 |
1 |
|
|a United States.
|b Bureau of Justice Statistics.
|
| 856 |
4 |
1 |
|u https://purl.fdlp.gov/GPO/LPS23664
|t 0
|
| 999 |
|
|
|a MARS
|
| 999 |
f |
f |
|s f55bdb33-8a3b-3e00-acfa-ba07cccaffe2
|i cdb9ad7c-4b98-3a82-bc35-d9ce20f3cd13
|t 0
|
| 952 |
f |
f |
|a Texas A&M University
|b College Station
|c Electronic Resources
|d Available Online
|t 0
|e J 29.2:C 26/982-93
|h Superintendent of Documents classification
|
| 998 |
f |
f |
|a J 29.2:C 26/982-93
|t 0
|l Available Online
|